| 000 | 01006nam a22003137a 4500 | ||
|---|---|---|---|
| 003 | CHAP | ||
| 005 | 20220329135358.0 | ||
| 008 | 971013s1982 r 00010 d | ||
| 010 | _a35373 | ||
| 011 | _a36345 | ||
| 035 | _a40464 | ||
| 040 | _cCHAP | ||
| 082 |
_a634.94 _bP3 |
||
| 100 | 0 | 0 |
_aPackham, John R. _984623 |
| 245 | _aEcology of woodland processes | ||
| 260 |
_aLondon : _bArnold, _c1982 |
||
| 300 |
_a261 p. _b: ilus. ; gráfs. |
||
| 490 | _aA series of student texts in contemporary biology | ||
| 590 |
_aBATCH-UPD _b10 _c20130110 _lUCH01 _h2001 |
||
| 590 |
_aBATCH-UPD _b10 _c20130410 _lUCH01 _h1321 |
||
| 590 |
_aBATCH-UPD _b10 _c20130914 _lUCH01 _h1251 |
||
| 590 |
_aCONVERSION _b10 _c20130109 _lUCH01 _h1320 |
||
| 650 | 1 | 4 |
_aEcología forestal. _935176 |
| 700 | 0 |
_aHarding, David J. L. _952645 |
|
| 830 | 0 |
_aA series of student texts in contemporary biology _997 |
|
| 901 | _aBK | ||
| 942 | _cLIBRO | ||
| 949 |
_a634.94 P3 _bBC _cLIBRO _d33724000248761 _eLIBRO _gI.126923 _h66876 _i40464 _mDir. _si |
||
| 999 |
_c35373 _d35373 |
||